| 000 | 005780000a22002050004500 | ||
|---|---|---|---|
| 003 | LK-CoMWRAF | ||
| 005 | 20231030124541.0 | ||
| 008 | 230817t1995 ||||| |||| 00| 0 eng d | ||
| 020 | _a1878067616 | ||
| 040 |
_aLK-CoMWRAF _dLK-CoMWRAF _eLK-CoMWRAF |
||
| 041 | _aeng | ||
| 082 |
_a305.42 _bLIS |
||
| 245 |
_aListen Up: _bVoices from the next Feminist Generation |
||
| 260 |
_bWashington: _aSeal Press, _c1995 |
||
| 300 | _axvi, 264 p. : ill. ; 23 cm. | ||
| 650 | _aFEMINISM | ||
| 650 | _aFeminists -United States -Biography | ||
| 700 |
_aFindlen, Barbara _eed. |
||
| 942 | _cBK | ||
| 999 |
_c1252 _d1252 |
||